000 00476nam a2200193 a 4500
001 1770972691473
003 YourLibrary
005 20260213142431.0
008 260213s2006##################000#0#eng##
020 _a9781594513282
082 0 4 _a305.5
_bGIR
100 1 _aGiroux, Henry A.,
_eauthor.
245 1 0 _aStormy Weather :
260 _bRoutledge,
_c2006.
300 _a164 pages
650 0 _aNature.
942 _cENGLISH
040 _aYourLibrary
_beng
_cYourLibrary
999 _c612364
_d612364